Algal biosorbents for gold and cobalt
محفوظ في:
| المؤلف الرئيسي: | |
|---|---|
| التنسيق: | أطروحة كتاب |
| اللغة: | English |
| منشور في: |
Ottawa :
National Library of Canada,
1988.
|
| الموضوعات: | |
| الوسوم: |
إضافة وسم
لا توجد وسوم, كن أول من يضع وسما على هذه التسجيلة!
|
| LEADER | 01060cam a2200289 a 4500 | ||
|---|---|---|---|
| 001 | u353095 | ||
| 003 | SIRSI | ||
| 008 | 940608s1987 onc vv 000 eng | ||
| 020 | |a 0315383593 | ||
| 035 | |a ABS-9293 | ||
| 040 | |a UMM | ||
| 041 | |a eng |b fre | ||
| 090 | |a QK565 |b Kuy | ||
| 100 | 1 | 0 | |a Kuyucak, Nural, |d 1955- |
| 245 | 1 | 0 | |a Algal biosorbents for gold and cobalt |h [microform] / |c Nural Kuyucak. |
| 260 | |a Ottawa : |b National Library of Canada, |c 1988. | ||
| 265 | |a Canadian Theses Service/Service des theses canadiennes, BNC/NLC, Ottawa, Ont. K1A ON4. | ||
| 500 | |a Includes abstract in English and French. | ||
| 502 | |a Thesis (Ph.D)-- McGill University, 1987. | ||
| 504 | |a Includes bibliographical references. | ||
| 650 | 0 | |a Algae |x Physiology. | |
| 650 | 0 | |a Heavy metals |x Absorption and adsorption. | |
| 650 | 0 | |a Gold |x Absorption and adsorption. | |
| 650 | 0 | |a Cobalt |x Absorption and adsorption. | |
| 948 | |a 08/06/1994 |b 10/09/2003 | ||
| 596 | |a 1 | ||
| 999 | |a QK565 KUY |w LC |c 1 |i A500442908 |d 27/11/2008 |e 27/11/2008 |l STACKS |m P01UTAMA |n 2 |r Y |s Y |t TESIS |u 10/12/1994 | ||
